Statystyki dla Ranking FIFA

Kliknij tutaj aby rozwiązać quiz!

Ogólne statystyki

  • Ten quiz został rozwiązany 95 razy
  • Średni wynik to 35 z 51

Statystyki odpowiedzi

#PaństwoPunkty% Poprawnych
1Brazylia1841
96%
26Polska1549
96%
3Argentyna1774
95%
4Francja1760
94%
7Hiszpania1715
93%
9Portugalia1677
93%
5Anglia1728
91%
2Belgia1817
89%
11Niemcy1650
89%
6Włochy1726
88%
8Holandia1695
84%
13Meksyk1645
83%
24Japonia1560
81%
33
Rosja
1496
80%
16Stany Zjednoczone1627
79%
25Szwecja1553
79%
12Chorwacja1646
78%
27Ukraina1537
78%
22Maroko1564
77%
35Czechy1492
75%
42Norwegia1473
73%
14Urugwaj1639
73%
41Kanada1475
72%
38Australia1489
70%
15Szwajcaria1636
70%
17Kolumbia1611
68%
28Korea Południowa1530
68%
10Dania1667
67%
39Egipt1486
67%
18Senegal1584
67%
34Austria1493
64%
29Chile1510
64%
45Turcja1460
64%
51Arabia Saudyjska1438
63%
49Irlandia1440
63%
19Walia1570
63%
36Węgry1492
60%
40Szkocja1480
59%
21Serbia1564
58%
44Ekwador1464
57%
23Peru1561
54%
20Iran1565
53%
43Kamerun1471
53%
32Nigeria1498
51%
30Tunezja1508
47%
31Kostaryka1504
46%
50Katar1440
44%
47Paragwaj1449
42%
48Wybrzeże Kości Śłoniowej1443
40%
46Mali1449
19%
37Algeria1489
11%

Rozkład punktacji

Percentyl według liczby udzielonych odpowiedzi

Procent ludzi z każdym wynikiem

Twoja historia wyników

Nie rozwiązałeś tego quizu